• 首页
  • 本馆介绍
  • 公告通知
  • 最新文献
  • 馆藏检索
  • 电子资源
  • 读者导购
  • 参考咨询
  • 我的图书馆
  • 登录
  • 详细信息显示
  • 放入我的书架
  • 预约/预借图书
  • 作者相关作品
  • 分类相关作品
  • 丛书相关作品
  • 出版社相关作品

书目信息

  • 表格格式
  • 工作单格式
  • 卡片格式
题名:
档案整理实务教程
    
 
作者: 柳瞻晖 , 金洁峰 , 苏坚 编著
分册:  
出版信息: 上海   上海大学出版社  2021.3
页数: 317页
开本: 26cm
丛书名:
单 册:
中图分类: G272.4
科图分类:
主题词: 档案整理--教材
电子资源:
ISBN: 978-7-5671-4163-6
000 00890nam0 2200253 450
001 012001002562
005 20140202161531.0
010    @a978-7-5671-4163-6@dCNY58.00
100    @a20220905d2021 em y0chiy50 ea
101 0  @achi
102    @aCN@b310000
105    @aa z 000yy
106    @ar
200 1  @a档案整理实务教程@Adang an zheng li shi wu jiao cheng@f柳瞻晖,金洁峰,苏坚编著
210    @a上海@c上海大学出版社@d2021.3
215    @a317页@c图,照片@d26cm
330    @a本书结合档案整理工作实际流程,介绍档案法规和行业理论。全书共分五章,内容包括:档案和档案工作、纸质档案的整理、专门档案的整理、档案工作的信息化、档案馆建设及规章制度。
606 0  @a档案整理@j教材
690    @aG272.4@v5
701  0 @a柳瞻晖@Aliu zhan hui@4编著
701  0 @a金洁峰@Ajin jie feng@4编著
701  0 @a苏坚@Asu jian@4编著
801  0 @aCN@bAHXH@c20221111
905    @b1368384-8@dG272.4@e243@f5
    
    档案整理实务教程/柳瞻晖,金洁峰,苏坚编著.-上海:上海大学出版社,2021.3
    317页:图,照片;26cm
    
    
    ISBN 978-7-5671-4163-6:CNY58.00
    本书结合档案整理工作实际流程,介绍档案法规和行业理论。全书共分五章,内容包括:档案和档案工作、纸质档案的整理、专门档案的整理、档案工作的信息化、档案馆建设及规章制度。
●
相关链接 在E读中查询图书 在五车中查询图书 在当当中查询图书 在豆瓣中查询图书


正题名:档案整理实务教程     索取号:G272.4/243         预约/预借

序号 登录号 条形码 馆藏地/架位号 状态 备注
1 1368384   213683842   第一样本阅览室/ [索取号:G272.4/243] 在馆    
2 1368385   213683851   教育系资料室/ [索取号:G272.4/243] 在馆    
3 1368386   213683860   教育系资料室/ [索取号:G272.4/243] 在馆    
4 1368387   213683879   第四借阅区/ [索取号:G272.4/243] 在馆    
5 1368388   213683888   第四借阅区/ [索取号:G272.4/243] 在馆    
唐山师范学院图书馆 欢迎您!
大连网信软件有限公司© 版权所有